| 000 | 01159cab a2200229 4500 | ||
|---|---|---|---|
| 001 | ABS46462 | ||
| 008 | 090401t1992 xxu||||| |||| 00| 0 eng d | ||
| 035 | _a(Sirsi) u58389 | ||
| 041 | _aeng | ||
| 245 | _aHalifax Building Society and others v Edell and others | ||
| 260 | _c1992 | ||
| 350 | _a0 | ||
| 490 |
_aEstates Gazette _v(1992) 18 EG 151-158(6) |
||
| 520 | _aChD 28 February 1992. An originating summons whereby the plaintiffs sought declarations as to the right of the Building Societies Ombudsman to investigate complaints by nine borrowers in relation to valuations made by employees of a building society of properties to be charged to a society to secure further advances to an existing borrower. Held: the Building Society Ombudsman does have the power and jurisdiction to investigate such complai- nts, whether they were basic valuations, house buyers` reports or structural surveys. | ||
| 650 | _aBUILDING SOCIETIES ACT 1986 | ||
| 650 | _aBUILDING SOCIETIES OMBUDSMAN | ||
| 650 | _aMALADMINISTRATION | ||
| 650 | _aNEGLIGENCE | ||
| 690 | _aMANAGEMENT-BUSINESS MANAGEMENT-PROFESSIONAL PRACTICE | ||
| 942 | _n0 | ||
| 948 | _c04/03/1997 | ||
| 999 |
_c35640 _d35640 |
||